000
00263nam a2200109Ia 4500
008
220120s9999||||xx |||||||||||||| ||und||
100
_a
Mallesh, Adicherala
245
0
_a
Logic design
260
_a
Proffestional publication
300
_b
0
650
_a
ELECTRONICS
999
_c
136863
_d
136863